000 01961cam a22005054i 4500
003 PE-LiUPU
005 20250731165502.0
008 150623s r 000 0 d
020 _a1850756864
035 _a(Sirsi) i9781850756866
040 _aPE-LiUPU
_bspa
_cPE-LiUPU
_erda
049 _aPRUA
082 0 4 _a225.077
_bJ
_221
100 1 _aCharles, J. Daryl,
_d1950-,
_eautor.
245 1 0 _aVirtue amidst vice :
_bthe catalog of virtues in 2 Peter 1 /
_cJ. Daryl Charles.
264 1 _aSheffield, Inglaterra :
_bSheffield Academic Press,
_c1997.
300 _a194 páginas ;
_c24 centímetros
336 _atext
_2rdacontent
337 _aunmediated
_2rdamedia
338 _avolume
_2rdacarrier
490 0 _aJournal for the Study of the New Testament. Supplement series ;
_v150
504 _aIncluye bibliografía.
505 0 _a2 Peter commentary: an appraisal. -Literary and virtue in 2 Peter. -The moral world of Greco-Roman paganism. -The ethical catalog as a pedagogical device. -The catalog of virtues in 2 Peter 1.5-7.
526 _aSEG44
526 _aSEG26
526 _aP151
526 _aP150
526 _aP149
526 _aP146
526 _aP145
526 _aP126
526 _aP125
526 _aP92
526 _aP75
526 _aP74
526 _aP27
526 _aP15
630 _aBiblia.
_pN.T.
_pPedro, 2 º, I
_xCrítica, interpretación, etc.
942 _2ddc
_cBOOK
949 _aRC 225.077 J 150
_wDEWEY
_c1
_i46431
_lCCODEBUL1
_mBUL
_r0
_sY
_tBOOK
_u2015-6-24
_xTEOLOGIA
_PP35
_0COMPRA
_o.CIRCNOTE. No olvidar cambiar la fecha de devolución!!!!!!!
_o.STAFF. Colección General
994 _aC0
_bPEPRU
596 _a1
999 _aRC 225.077 J 150
_wDEWEY
_c23196
_i46431
_f2021-11-8
_g6
_lCCODEBUL1
_mBUL
_r1
_sY
_tBOOK
_u2015-6-24
_xTEOLOGIA
_PP35
_0COMPRA
_o.CIRCNOTE. No olvidar cambiar la fecha de devolución!!!!!!!
_o.STAFF. Colección General
_d23196
980 _81
_gALBERTO SANCHEZ Responsable de Automatización